000 00364nam a22001577a 4500
003 OSt
008 250417b |||||||| |||| 00| 0 eng d
020 _a9780141990392
082 _a152.4
100 _aMLODINOW,Leonard
245 _aEmotional the New Thinking about Feelings
260 _aUK
_bPenguin
300 _a250
650 _aGeneral
942 _2ddc
_cREF
999 _c13311
_d13311